000 00494nam a22001577a 4500
005 20240510100748.0
008 240510b |||||||| |||| 00| 0 eng d
041 _aEnglish
082 _a349 LAW
100 _lEnglish
245 _aThe Law Reports: Queen's Bench Division
260 _aLondon:
_bThe Incorporated Council of Law Reporting for Law Reporting,
_c1986
300 _bxxiv, 1282 pages;
_c25 cm.
650 _aLegal practice
_bLaw
942 _cBK
_6ALISON_BN_VRIES
999 _c1652
_d1652